Enciclopedia escolar: Libro del maestro Grado 1º

Saved in:
Bibliographic Details
Main Author: Sin Autor
Format: Unknown
Language:Spanish
Published: Burgos Hijos de Santiago Rodríguez s.d.
Textbook Catalogue:MANES:  Library Catalog Search Result
Textbook Classification:
Tags: Add Tag
No Tags, Be the first to tag this record!
Added to:2016-04-26
Changed in:2024-11-20

MARC

LEADER 000000000a22000000004500
001 17953
003 OSt
005 20241121020146.0
008 160427s sp ||||| |||| 00| 0 spa d
041 1 |a spa 
040 |c centro_manes 
691 7 |a PRI 
100 1 |a Sin Autor  |9 11994 
245 0 0 |a Enciclopedia escolar: Libro del maestro Grado 1º 
260 3 |a Burgos  |b Hijos de Santiago Rodríguez  |c s.d. 
300 |a 368p  |c 21 * 15 cm 
500 |a ILUSTRACIONES: No contiene. ENCUADERNACIÓN: Cartoné. DESCRIPCIÓN CONTENIDO: Libro escolar. Libro del maestro. PALABRAS CLAVE: Libro de texto 1º grado. NéMERO EJEMPLARES: 1. Nº TOPOGRÁFICO: 2431. CONSERVACIÓN: Buena. 
690 7 |a CN  |a ECS 
690 0 |a EyL 
942 |2 ddc  |c BK 
546 |a España 
999 |c 23922  |d 23922 
999 |c manes:23922  |d 23922